| 000 | 00963 a2200205 4500 | ||
|---|---|---|---|
| 001 | 32164 | ||
| 005 | 20260407155622.0 | ||
| 008 | 260407a1968 arg spa d | ||
| 003 | AR-UNSa-BCEJYS | ||
| 040 |
_aAR-UNSa-BCEJYS _bspa _cAR-UNSa-BCEJYS |
||
| 080 |
_a519.87 _xModelos matemáticos para la investigación operativa |
||
| 245 | 1 | 0 | _aIntroducción al análisis cuantitativo de los negocios |
| 264 | 1 |
_aNew York : _bMcGraw-Hill _c1968 |
|
| 300 |
_a255 p. _c23 cm. |
||
| 505 | _a1. Introducción - 2. Probabilidad y valor esperado - 3. Utilidad en la toma de decisiones - 4. El valor de la información adicional - 5. Decisiones bajo incertidumbre - 6. Programamción lineal - 7. Programación entera - 8. El problema del transporte - 9. Teoria de stocks - 10. Teorias de colas - 11. Teoria de juegos - 12. Conclusiones finales. | ||
| 942 | _cBK | ||
| 590 | _aniveau_biblio:m niveau_hierar:0 | ||
| 100 | 1 | _aHorowitz, Ira | |
| 700 | 1 | _aArnaiz Vellando, Gonzalo | |
| 999 |
_c2263 _d2263 |
||